|
|
|
|
| LEADER |
01068cam a2200241 u 4500 |
| 001 |
10078931 |
| 003 |
upatras |
| 005 |
20210518085504.0 |
| 008 |
090914s1955 f gre |
| 040 |
|
|
|a GR-PaULI
|c GR-PaULI
|b gre
|
| 041 |
1 |
|
|a gre
|h eng
|
| 082 |
1 |
4 |
|a 813.52
|2 23
|
| 100 |
1 |
|
|a Fitzgerald, F. Scott
|q (Francis Scott),
|d 1896-1940
|e συγγραφέας
|9 6542
|
| 240 |
|
|
|a The great Gatsby
|
| 245 |
1 |
2 |
|a Ο Μέγας Γκάτσμπυ :
|b μυθιστόρημα /
|c Φ. Σκοτ Φιτζέραλντ ; μετάφραση Μάνθου Κρίσπη
|
| 260 |
|
|
|a Αθήνα :
|b Οι Φίλοι της Λογοτεχνίας,
|c 1955
|
| 300 |
|
|
|a 143 σ. :
|c 21 εκ.
|
| 500 |
|
|
|a Τίτλος πρωτοτύπου: The Great Gatsby
|
| 767 |
|
|
|i Μετάφραση του :
|t The great Gatsby
|
| 942 |
|
|
|2 ddc
|c BK15
|
| 952 |
|
|
|0 0
|1 0
|2 ddc
|4 0
|6 813_520000000000000_FIT
|7 0
|9 208280
|a LISP
|b LISP
|c BSC
|d 2016-12-19
|i 088382
|l 2
|m 1
|o 813.52 FIT
|p 025000253301
|r 2022-05-25 00:00:00
|s 2022-04-15
|t 1
|v 2016.00
|w 2016-12-19
|y BK15
|
| 998 |
|
|
|c ΜΠΟΥΡΑΣ
|d 2016-12
|
| 999 |
|
|
|c 126657
|d 126657
|